000 00487nam a2200193 a 4500
001 1771067063518
003 YourLibrary
005 20260214163805.0
008 260214s2001##################000#0#eng##
020 _a9780060959494
082 0 4 _a306.708996073
_bHOO
100 1 _ahooks, bell,
_eauthor.
245 1 0 _aSalvation :
260 _bHarper Collins,
_c2001.
300 _a260 pages
650 0 _aSocial Science.
942 _cENGLISH
040 _aYourLibrary
_beng
_cYourLibrary
999 _c612534
_d612534